01782nam a2200397Ii 4500001000700000003000800007005001700015006001900032007001500051008004100066020002500107020001800132035002200150040003100172050002200203080001100225082001500236100004600251245012900297264003200426300004200458336003100500337003300531338004300564490004300607504004200650588008300692590016200775650002000937655002700957776025600984797001801240830004401258856006301302999001901365133192FINmELB20241217180631.0m o d | cr cnu||||||||231009s2018 sp a ob 000|0 spa d a9788490975138qebook z9788490975053 a(OCoLC)1405222552 aFINmELBbspaerdacFINmELB14aQA268b.G669 2018 a003.2604a003.542231 aGonzález Vasco, María Isabel,eautor.14aLas matemáticas de la criptología :bsecretos demostrables y demostraciones secretas /cMaría Isabel González Vasco. 1aMadrid :bCatarata,c[2018] a1 recurso en línea :bilustraciones atextobtxt2rdacontent/spa acomputadorabc2rdamedia/spa arecurso en líneabcr2rdacarrier/spa1 aColección Miradas matemáticas ;v3 aIncluye referencias bibliográficas. aDescripción basada en metadatos suministrados por el editor y otras fuentes. aRecurso electrónico. Santa Fe, Arg.: elibro, 2023. Disponible vía World Wide Web. El acceso puede estar limitado para las bibliotecas afiliadas a elibro. 4aCriptografía. 4aLibros electrónicos.08iVersión impresa:aGonzález Vasco, María Isabel.tMatemáticas de la criptología.dMadrid : Catarata : Instituto de Ciencias Matemáticas ; Albacete : Federación Española de Sociedades de Profesores de Matemáticas, [2018]z97884909750532 aelibro, Corp. 0aColección Miradas matemáticas ;v3.40uhttps://elibro.net/ereader/politecnicointernacional/233970 c133192d133192